What daddies- mommies do best / (Record no. 3582)

MARC details
000 -LEADER
fixed length control field 00939nam a22002777a 4500
001 - CONTROL NUMBER
control field 3582
003 - CONTROL NUMBER IDENTIFIER
control field FISKH
005 - DATE AND TIME OF LATEST TRANSACTION
control field 20250815130357.0
008 - FIXED-LENGTH DATA ELEMENTS--GENERAL INFORMATION
fixed length control field 240321b cb ||||| |||| 00| 0 eng d
020 ## - INTERNATIONAL STANDARD BOOK NUMBER
International Standard Book Number 0439186927
040 ## - CATALOGING SOURCE
Original cataloging agency FISKH
Language of cataloging eng
Transcribing agency FISKH
Modifying agency FISKH
050 ## - LIBRARY OF CONGRESS CALL NUMBER
Classification number PZ7.N964
082 ## - DEWEY DECIMAL CLASSIFICATION NUMBER
Classification number 813.6
100 ## - MAIN ENTRY--PERSONAL NAME
Personal name Numeroff, Laura
Relator term author
245 ## - TITLE STATEMENT
Title What daddies- mommies do best /
Statement of responsibility, etc. by Laura Numeroff ; illustrated by Lynn Munsinger
250 ## - EDITION STATEMENT
Edition statement First Scholastic printing , April 2000
260 ## - PUBLICATION, DISTRIBUTION, ETC.
Place of publication, distribution, etc. New York :
Name of publisher, distributor, etc. Scholastic ,
Date of publication, distribution, etc. 1998
300 ## - PHYSICAL DESCRIPTION
Extent 40 unnumbered pages :
Other physical details color illustrations ;
Dimensions 26 cm .
505 ## - FORMATTED CONTENTS NOTE
Formatted contents note G <br/>
520 ## - SUMMARY, ETC.
Summary, etc. Mothers and fathers participating in everyday activities show their love for their children in very similar ways.
521 8# - TARGET AUDIENCE NOTE
Target audience note 390 <br/>
Source Lexile <br/>
521 8# - TARGET AUDIENCE NOTE
Target audience note G <br/>
Source Raz-Plus <br/>
650 ## - SUBJECT ADDED ENTRY--TOPICAL TERM
Topical term or geographic name entry element mother's day
Form subdivision Fiction
700 ## - ADDED ENTRY--PERSONAL NAME
Personal name Munsinger, Lynn
Dates associated with a name illustrator
942 ## - ADDED ENTRY ELEMENTS (KOHA)
Source of classification or shelving scheme Dewey Decimal Classification
Koha item type Books
Suppress in OPAC No
Holdings
Withdrawn status Lost status Source of classification or shelving scheme Damaged status Not for loan Collection Home library Current library Shelving location Date acquired Total Checkouts Full call number Barcode Date last seen Date last checked out Price effective from Koha item type Copy number
    Dewey Decimal Classification     Juvenile Fiction Footprints International School Library Network Toul Tom Poung Campus Footprints International School Library Network Toul Tom Poung Campus TTP Primary Dark Blue Bookshelves 03/21/2024 1 NUM 813.6 PZ7.N964 FISBK05561 05/16/2025 05/07/2025 03/21/2024 Books  
    Dewey Decimal Classification     Juvenile Fiction Footprints International School Library Network Toul Tom Poung Campus Footprints International School Library Network Toul Tom Poung Campus TTP Primary Dark Blue Bookshelves 08/15/2025   NUM 813.6 PZ7.N964 FISTK02622 08/15/2025   08/15/2025 Books 2